|
|
|
|
| LEADER |
00804nam a2200217 a 4500 |
| 001 |
c000367937 |
| 003 |
CARM |
| 005 |
00000000000000.0 |
| 008 |
860212s1885 xra 00010 eng d |
| 019 |
1 |
|
|a 4298893
|5 LACONCORD2021
|
| 035 |
|
|
|a (OCoLC)219777267
|5 LACONCORD2021
|
| 040 |
|
|
|a NUN
|c NUN
|
| 082 |
1 |
|
|a 319.4
|2 19
|
| 245 |
0 |
0 |
|a Statistics of the Australasian colonies :
|b compiled from official records, 1885.
|
| 260 |
|
|
|a Adelaide [S.A.] :
|b Government Printer,
|c 1887.
|
| 300 |
|
|
|a 23 p.
|
| 610 |
1 |
0 |
|a Australia
|x Statistics.
|
| 651 |
|
0 |
|a New Zealand
|x Statistics.
|
| 852 |
8 |
|
|b CARM
|h A1:AN28A0
|i A04788
|p 0418697
|f BK
|
| 999 |
f |
f |
|i 276d155c-ed06-58d0-afcc-bad3493b8e93
|s 519eccca-8947-55ce-b6c7-c26f7928f890
|
| 952 |
f |
f |
|p Can circulate
|a CAVAL
|b CAVAL
|c CAVAL
|d CARM 1 Store
|e A04788
|f A1:AN28A0
|h Other scheme
|i book
|m 0418697
|